000 01443nam a2200265Ia 4500
999 _c36202
_d36202
001 2105
003 GE_BSU
005 20190524145444.0
008 181216s1987||||ge |||||||||||||| ||geo||
040 _cGE_BSU
041 _ageo
080 _a94(479.22)''16'' ჟ–84
100 _aჟორჟოლიანი, გულქან
_91564
245 _cრედ.: ო. სოსელია; საქ. სსრ მეცნ. აკად., ივ. ჯავახიშვილის სახ. ისტორიის, არქეოლ. და ეთნოგრ. ინ-ტი.
_aსაქართველო XVII საუკუნის 30-50-იან წლებში (ქართლ-კახეთი) /
264 _aთბილისი :
_bმეცნიერება,
_c1987.
300 _a164 გვ.;
_b21 სმ.
501 _a ბიბლიოგრ.: გვ. 130-136.
520 _a რეზ. რუს.
541 _h7 ლ.
653 _aსაქართველოს ისტორია XVII ს.
653 _aქართლ-კახეთის ისტორია
700 _aსოსელია, ო.
_eრედაქტორი
_91565
710 _aსაქ. სსრ მეცნ. აკად., ივ. ჯავახიშვილის სახ. ისტორიის, არქეოლ. და ეთნოგრ. ინ-ტი.
_91566
942 _cBK
_2udc